Suite de Fibonacci - Statistiques

Statistiques générales
  • Ce quiz a été pris 429 fois
    428 depuis la dernière actualisation
  • Le résultat moyen est 18 sur 28
Statistiques - réponses
La suite de Fibonacci % Correct
2
100%
1
99%
3
99%
5
99%
13
98%
8
98%
21
96%
34
94%
55
93%
89
92%
144
86%
233
79%
377
78%
610
76%
987
76%
1 597
74%
2 584
64%
4 181
56%
6 765
51%
10 946
45%
17 711
37%
28 657
32%
46 368
24%
75 025
19%
121 393
14%
196 418
12%
317 811
8%
514 229
7%
Aucun quiz correspondant
Distribution des résultats
% des personnes avec chaque résultat
Percentile par nombre de réponses
Votre historique - résultats
Vous n’avez pas pris ce quiz depuis la dernière actualisation